Arch-enemies - Statistics

General Stats
  • This quiz has been taken 33 times
  • The average score is 12 of 24
Answer Stats
Hero Nemesis % Correct
Professor Charles Xavier Magneto
96%
Luke Skywalker Darth Vader
91%
Batman The Joker
91%
Spider-man Green Goblin, Doctor Octopus, or Venom
83%
Harry Potter Lord Voldemort
83%
Superman Lex Luthor
78%
The Ninja Turtles Shredder
70%
The Roadrunner Wile E. Coyote
65%
Mario Bowser
61%
The Fantastic Four Doctor Victor von Doom
61%
Popeye Bluto/Brutus
57%
Austin Powers Doctor Evil
52%
Jerry Seinfeld Newman
48%
Sherlock Holmes Professor James Moriarty
48%
He-Man Skeletor
48%
Marty McFly Biff Tannen
43%
Mowgli Shere Khan
35%
Rocky and Bullwinkle Boris and Natasha
26%
Inspector Gadget Doctor Claw
26%
Inigo Montoya Count Rugen
22%
James Bond Ernst Stavro Blofeld
17%
Jean Valjean Inspector Javert
17%
The Thundercats Mumm-Ra
13%
She-Ra Hordak
9%
No matching quizzes found
Score Distribution
Percent of People with Each Score
Percentile by Number Answered
Your Score History
You have not taken this quiz